№ 6 (93); Электроэнергия. Передача и распределение

Detaylı Bibliyografya
Parent link:Электроэнергия. Передача и распределение: научно-технический журнал. № 6 (93).— .— Москва: Кабель, 2010-.— 2218-3116
Özet:Текстовый файл
AM_Agreement
Dil:Rusça
Baskı/Yayın Bilgisi: 2025
Online Erişim:https://www.elibrary.ru/contents.asp?id=83258757
Materyal Türü: MixedMaterials Elektronik Kitap
KOHA link:https://koha.lib.tpu.ru/cgi-bin/koha/opac-detail.pl?biblionumber=684044

MARC

LEADER 00000nam2a2200000 4500
001 684044
005 20251224094340.0
090 |a 684044 
100 |a 20251224d20259999k||y0rusy50 ca 
101 0 |a rus 
102 |a RU 
105 |a a z 001yy 
181 0 |a i   |b  e  
182 0 |a b 
183 0 |a cr  |2 RDAcarrier 
200 0 |a № 6 (93) 
203 |a Текст  |c электронный  |b визуальный 
210 |d 2025 
283 |a online_resource  |2 RDAcarrier 
320 |a Библиография в конце статей 
336 |a Текстовый файл 
371 0 |a AM_Agreement 
461 1 |0 580182  |9 580182  |t Электроэнергия. Передача и распределение  |o научно-технический журнал  |c Москва  |n Кабель  |d 2010-  |v № 6 (93)  |x 2218-3116 
801 0 |a RU  |b 63413507  |c 20251224  |g PSBO 
850 |a 63413507 
856 4 |u https://www.elibrary.ru/contents.asp?id=83258757  |z https://www.elibrary.ru/contents.asp?id=83258757 
942 |c CF